书目信息 |
| 题名: |
陈亮集
|
|
| 作者: | 陈亮 著 ;邓广铭 点校 | |
| 分册: | 下册 | |
| 出版信息: | 北京 中华书局 1987.08 |
|
| 页数: | 229-483页 | |
| 开本: | 20cm | |
| 丛书名: | ||
| 单 册: | ||
| 中图分类: | B244.911 | |
| 科图分类: | ||
| 主题词: | 哲学--中国--辽宋金元时代 | |
| 电子资源: | ||
| ISBN: | ||
| 000 | 00579nam0 2200205 45 | |
| 001 | 0209181413 | |
| 005 | 20070731155732.39 | |
| 091 | @a2018.102@d1.55 | |
| 100 | @a20020918d1987 km y0chiy0120 ea | |
| 101 | 0 | @achi |
| 105 | @a z 000zy | |
| 200 | 1 | @a陈亮集@AChen Liang Ji@h下册@f(宋)陈亮著@F(Song)Chen Liang Zhu@g邓广铭点校 |
| 210 | @a北京@c中华书局@d1987.08 | |
| 215 | @a229-483页@d20cm | |
| 606 | 0 | @a哲学@x中国@x辽宋金元时代 |
| 690 | @aB244.911@v3 | |
| 701 | 0 | @a陈亮@4著 |
| 702 | 0 | @a邓广铭@ADeng Guang Ming@4点校 |
| 801 | @aCN@bTSTC@c20070731 | |
| 905 | @dB244.911@e39 | |
| 陈亮集.下册/(宋)陈亮著/邓广铭点校.-北京:中华书局,1987.08 |
| 229-483页;20cm |
| ISBN : |
| ● |
| 相关链接 |
|
|
|
|
正题名:陈亮集
索取号:B244.911/39
 
预约/预借
| 序号 | 登录号 | 条形码 | 馆藏地/架位号 | 状态 | 备注 |
| 1 | 0785808 | 207858086 | 第一样本阅览室/ [索取号:B244.911/39] | 在馆 |